000 01319nam a22004217a 4500
001 BR9301364
003 BR-BrBNA
005 20230928093853.0
007 ta
008 230509b bl.||||| |||| 00| 0 por d
040 _aBR-BrBNA
_bpor
_cBiblioteca Nacional de Agricultura
041 _a(Por)
072 _aE10; Q02
_b0180
_b0120
_b0170
_b0175
090 _ 0180 BR9301364
100 1 _aRosinha, R.C.
100 1 _aBaier, A.C.
100 1 _aCrocomo, D.H.G.
100 1 _aGarcia, J.C.
100 1 _aVieira, L.F.
100 1 _aRosinha, R.C.
100 1 _aBorgonovi, R.A.
100 1 _aTomasini, R.G.A.
110 1 _aEmpresa Brasileira de Pesquisa Agropecuaria, Brasilia, DF (Brasil)
245 1 _aProposta de uma politica de governo para o trigo, o milho, o sorgo e o triticale, aspectos de substituicao de importacoes e substituicao de parte da farinha de trigo na producao de paes, massas e biscoitos
260 3 _aBrasilia, DF (Brasil):
_c1983.
300 _a35 p.
500 _a13 tables; 6 illus.; Summary (Por)
650 _aTrigo
650 _aMilho
650 _aSorgo
650 _aTriticale
650 _aPolitica Agricola
650 _aProduto de Panificacao
650 _aEstatistica de Producao
650 _aPreco
909 _a202309
_bLucia
_c55
_dLucia Elande
942 _cBK
999 _c47610
_d47610